Los movimientos eclesiales y las nuevas comunidades en Latinoamérica: hacia la V Conferencia General del Episcopado Latinoamericano
Guardado en:
| Autor principal: | |
|---|---|
| Formato: | Libro |
| Lenguaje: | español |
| Publicado: |
Santiago, Chile
Patris S. A
2006
|
| Edición: | 1a. ed |
| Materias: | |
| Etiquetas: |
Agregar Etiqueta
Sin Etiquetas, Sea el primero en etiquetar este registro!
|
MARC
| LEADER | 00000cam a2200000 a 4500 | ||
|---|---|---|---|
| 001 | UCC6402 | ||
| 003 | CL-VaPUC | ||
| 005 | 20250103100416.0 | ||
| 008 | 181207e20060000cl |||||||||||||||||spa|d | ||
| 999 | |c 373350 |d 373348 | ||
| 020 | |a 956246296X | ||
| 040 | |c Pontificia Universidad Católica de Valparaíso | ||
| 082 | 0 | 4 | |a 253.7 COR 2006 |2 21 |
| 100 | 0 | |a Correa Lira, José Luis |e autor |9 600835 | |
| 245 | 1 | 4 | |a Los movimientos eclesiales y las nuevas comunidades en Latinoamérica: hacia la V Conferencia General del Episcopado Latinoamericano |
| 250 | |a 1a. ed | ||
| 260 | 0 | 3 | |a Santiago, Chile |b Patris S. A |c 2006 |
| 300 | |a 100 páginas | ||
| 583 | |a last modification |c 20181207 13:37:00 |k Rodrigo Vera | ||
| 650 | 7 | |a PASTORAL |2 CL-VaPUC |9 397996 | |
| 650 | 0 | |a Acción católica |9 257808 | |
| 650 | 7 | |a EVANGELIZACION |2 CL-VaPUC |9 600836 | |
| 650 | 0 | |a Iglesia Católica |9 256114 | |
| 942 | |c BK |2 ddc | ||
| 945 | |d 20181207 13:37:00 |a dcastane | ||
| 952 | |0 0 |1 0 |2 ddc |3 erb |4 0 |6 253_700000000000000_COR_2006 |7 0 |8 A |9 491420 |a BIBTEO |b BIBTEO |e Precht Pizarro, Jorge Enrique |i 5520258 |l 1 |o 253.7 COR 2006 |p 5520258 |r 2025-01-17 |s 2024-08-14 |t 1 |w 2019-11-24 |y BK |z Catalogado en:20181207 |k ICR | ||